| 000 | 00868 a2200217 4500 | ||
|---|---|---|---|
| 005 | 20260311124947.0 | ||
| 008 | 260311b |||||||| |||| 00| 0 eng d | ||
| 020 | _a9789355168863 (hbk) | ||
| 037 | _cTB | ||
| 040 |
_aAL _cAL |
||
| 041 |
_2hin _ahin |
||
| 084 |
_aV41:594 152R5 _qAL |
||
| 100 |
_aअनिरुद्ध गुप्ता _91113741 |
||
| 245 | _aचीनी सेना का इतिहास | ||
| 260 |
_aनई दिल्ली, भारत: _bसुमित एंटेरप्राइजेज, _c2025. |
||
| 300 | _a309पृ. | ||
| 650 | _aइतिहास | ||
| 650 |
_aचीन का इतिहास _91131666 |
||
| 942 |
_cTB _2CC _hV41:594 152R5 |
||
| 999 |
_c1678673 _d1678673 |
||